[Event "ISR-ch op"]
[Site "Tel Aviv"]
[Date "1999.04.06"]
[Round "7"]
[White "Mikhalevski, Alexander"]
[Black "Golod, Vitali"]
[Result "1/2-1/2"]
[WhiteElo "2495"]
[BlackElo "2554"]
[Annotator "Golod,V"]
[PlyCount "101"]
[EventDate "1999.03.28"]
[EventType "swiss"]
[EventRounds "9"]
[EventCountry "ISR"]
[SourceTitle "CBM 071"]
[Source "ChessBase"]
[SourceDate "1999.08.01"]
[SourceVersion "1"]
[SourceVersionDate "1999.08.01"]
[SourceQuality "1"]

1. d4 Nf6 2. c4 e6 3. Nf3 b6 4. Nc3 Bb7 5. a3 g6 6. Bg5 $5 {Besides,white has
several options:} (6. Qc2 $5) (6. Qd3 $5 {[%cal Ge2e4]}) (6. g3) (6. e3) (6. d5
) ({and} 6. Bf4) 6... h6 $5 (6... Bg7 $5 {Is the main line.}) 7. Bh4 Bg7 8. e3
O-O ({Worse is:} 8... d5 {because of:} 9. cxd5 exd5 10. Bb5+ $1 c6 $140 11. Bd3
$14) 9. Be2 $5 (9. Qc2 $5) (9. Bd3 $5) ({and} 9. h3 {-was checked in the
previous games.}) 9... d5 $6 $146 {[%mdl 16384]} ({Also dubious:} 9... g5 $6
10. Bg3 Nh5 11. d5 (11. O-O $6 Nxg3 12. hxg3 Nc6 {=/=/+;Mikhalevski,A-Zaid,L/
Beer-Sheva,1992(1/2-1/2)(12)}) 11... Nxg3 12. hxg3 c6 13. Nd4 a6 14. Bf3 $14 {
Dautov,R-Mochalov,E/Minsk,1988(1-0)(34)}) ({Can be recommended:} 9... d6 $5 10.
O-O g5 11. Bg3 Nh5 12. Nd2 Nxg3 13. hxg3 Nd7 $5 (13... f5 $143 14. Bf3 Bxf3 15.
Qxf3 Nd7 16. Qc6 Nf6 $13 {Kaspersen,M-Brynell,S/Naestved,1988(0-1)(44)}) 14.
Bf3 Bxf3 15. Qxf3 $6 (15. Nxf3 $142 c5 16. Rc1 {1/2-1/2 Cvitan,O-Kengis,E/
Tilburg,1994/CBM 44(16)}) 15... c5 16. Rad1 Qe7 17. Rfe1 $6 cxd4 18. exd4 Bxd4
$15 {Kozul,Z-Kengis,E/BaileHerculane,1994(0-1)(33)}) 10. cxd5 $1 ({After:} 10.
O-O dxc4 11. Bxc4 Nbd7 {[%cal Gc7c5] -equality}) 10... exd5 11. O-O Nbd7 12.
Ne5 $14 Qe7 13. f4 g5 $6 {Very perilously.More safely:} (13... a6 $5 {[%cal
Ya6b5] with the idea Qd6 and c5}) ({or} 13... Qe6 $5 14. Rc1 $14) 14. fxg5 $6 (
{Better is:} 14. Bg3 $1 gxf4 15. Bxf4 (15. exf4 $6 c5 $132) 15... Nxe5 $6 (
15... c5 $142 {+/=/+/-}) 16. Bxe5 {with big positional advantage of white.} (
16. dxe5 $2 Nd7 17. Nxd5 Bxd5 18. Qxd5 Nxe5 $14)) 14... hxg5 15. Bxg5 {This
move is better than:} (15. Bg3 $6 Nxe5 16. Bxe5 (16. dxe5 Ne4 $13) 16... Nd7
17. Bxg7 (17. Rf5 $2 Nxe5 18. dxe5 c6 $1 $15 {[%cal Gb7c8]}) 17... Qxe3+ 18.
Kh1 Kxg7 $13) 15... Nxe5 16. dxe5 Qxe5 17. Bf4 Qe7 18. Nb5 $1 {[%csl Rc7,Rf5]
[%cal Gb5c7,Gb5d4,Gd4f5]} ({Insufficiently:} 18. Rf3 {[%csl Rg8][%cal Gf3g3]
because of:} d4 $1 {[%csl Gb7,Rc3,Gd4,Rf3]} 19. Rg3 dxc3 20. Bh6 Ne8 21. Qd4 f5
$1 (21... f6 $143 22. Bxg7 Nxg7 23. Bc4+ Rf7 $13) 22. Bxg7 Nxg7 23. Bc4+ Kh7
24. Rh3+ $8 Kg6 25. Rg3+ Kh7 26. Rh3+ $11) 18... Ne4 $1 ({Badly:} 18... c5 {
in view of:} 19. Nd6 $16 {[%csl Gd6]}) 19. Nxc7 Rad8 $5 {[%cal Gd5d4]} (19...
Rac8 $6 20. Nxd5 (20. Rc1 $5) 20... Qc5 21. Nc3 (21. Nb4 $5) 21... Nxc3 22.
bxc3 Rfd8 23. Qe1 Qxc3 24. Qg3 Rd2 25. Bf3 $16) 20. Nb5 $1 ({Slightly worse is:
} 20. Qa4 {[%csl Ra7] in view of:} Rd7 $1 (20... d4 $2 21. Qxa7 Nc5 22. Qxb6 d3
23. Bg4 $16) 21. Rac1 Nc5 22. Qxa7 Rxc7 23. Bxc7 (23. b4 $4 Rc6 $1 $19 {
[%csl Ra7][%cal Gf8a8]}) 23... Qxc7 {[%csl Ra7][%cal Gf8a8]} 24. Ba6 $1 Bxb2
25. Rxc5 Qxc5 26. Qxb7 Qxe3+ 27. Kh1 $14) 20... Bxb2 21. Ra2 ({Another
alternative is:} 21. Rb1 $5) 21... Bg7 22. Bd3 $1 Ba6 $5 {[%csl Ya6,Gd3]} (
22... a6 $2 23. Nd4 $16 Nc3 $140 $2 24. Qh5 $18 {[%csl Rg8]}) 23. Qh5 f5 24. a4
({In my opinion good enough:} 24. Rc2 $5 Nc3 25. a4 {+/=/+/-}) 24... Qf7 25.
Qh3 (25. Qf3 $142) 25... Qg6 26. Rc2 Nc5 ({Badly:} 26... Rc8 27. Rxc8 Rxc8 28.
Nxa7 Ra8 (28... Bxd3 $143 29. Nxc8 {[%csl Rg6,Rg8][%cal Gc8e7]} Qe6 30. Qxf5 $1
$18) 29. Bxa6 Rxa7 30. Bc8 {[%csl Rf5] +/-/+-}) 27. Be2 Qh7 $6 ({It is
necessary:} 27... Nxa4 28. Rc7 (28. Nxa7 $143 Bxe2 29. Rxe2 Nc3 30. Rb2 $14)
28... Bxb5 29. Bxb5 Nc3 30. Bd3 {with strong initiative of white.}) 28. Qf3
Bxb5 (28... Nxa4 $143 29. Rc7 $16 (29. Nxa7 $5 $16)) 29. Bxb5 $6 {[%mdl 16384]
+/=/+/-} (29. axb5 $142 $16 {[%csl Ra7,Gb5,Rb6]}) 29... d4 $1 30. exd4 Rxd4 31.
Qe2 $6 ({Better is:} 31. Kh1 {+/=/+/-}) 31... Re4 32. Qd1 Rd4 33. Qe2 $138 Re4
34. Qd1 Rd4 35. Qe1 $5 (35. Qe2 $6 Re4 $11) 35... Re4 36. Qg3 Kh8 37. Bc6 Rd4
38. Be5 $6 (38. a5 $5 $14) 38... f4 $1 (38... Bxe5 $143 39. Qxe5+ Qg7 40. Qe3
$14 (40. Rxf5 $4 Rd1+ 41. Kf2 Qxe5 $19 {[%csl Rf2,Gf8]})) ({Loses right away:} 
38... Rg4 $4 {in view of:} 39. Qxg4 $1 Bxe5 (39... fxg4 $2 40. Rxf8+) 40. Qh3
$18) 39. Bxg7+ Qxg7 40. Qh3+ $5 ({Good enough:} 40. Qh4+ $5 Qh7 41. Qg5 Qg7 42.
Qh5+ Qh7 43. Qe2 $14 {[%csl Rh8]}) 40... Qh7 41. Qxh7+ $6 ({More logically:} 
41. Qc3 $1 Qd3 42. Qe1 $5 {[%csl Rd4][%cal Ge1e5] with initiative.} (42. Qa1 $5
Qe3+ (42... Rfd8 $2 43. Rxf4 $1 $16) 43. Kh1 Rfd8 $14)) 41... Kxh7 {+/=/=_|_}
42. a5 Rf6 43. Bf3 $5 (43. axb6 $143 Rxc6 44. bxa7 Ra4 {[%csl Ya4]} 45. Rfc1
Rxa7 46. Rxc5 Rxc5 47. Rxc5 Kg6 48. Kf2 Ra3 $11 {[%csl Gf4][%cal Ya3h3]}) 43...
Rb4 (43... Ra4 $5) 44. axb6 $6 {Last inaccuracy.} (44. Rd1 $142 {+/=/=}) 44...
axb6 45. Rd2 Kg7 46. Ra1 (46. h4 $5) 46... Ne6 $11 47. Rd7+ (47. Rd6 $143 Ng5
48. Ra7+ Kg6 49. Bh5+ $140 $4 (49. Rxf6+ Kxf6 $11) 49... Kxh5 50. Rxf6 Rb1+ 51.
Kf2 Ne4+ $19 {[%csl Rf2,Rf6]}) 47... Rf7 48. Rd6 Nd4 {[%csl Gd4][%cal Gd4f3]}
49. Bh5 Re7 50. Rd1 Ne2+ {[%cal Ge2c3,Gc3e4]} 51. Bxe2 (51. Kf1 Nc3 $11) (51.
Bxe2 Rxe2 $11) 1/2-1/2

[Event "Match/Nation U30 HUN-DDR 8,5-7,5"]
[Site "Budapest"]
[Date "1981.11.04"]
[Round "1.4"]
[White "Orso, Miklos"]
[Black "Gruenberg, Hans Ulrich"]
[Result "1/2-1/2"]
[WhiteElo "2335"]
[BlackElo "2435"]
[Annotator "Gruenberg,HU"]
[PlyCount "115"]
[EventDate "1981.11.04"]
[EventType "team-match"]
[EventRounds "2"]
[EventCountry "HUN"]
[SourceTitle "EXT 2003"]
[Source "ChessBase"]
[SourceDate "2002.11.25"]
[SourceVersion "1"]
[SourceVersionDate "2002.11.25"]
[SourceQuality "1"]

{SCHACH 12/1981} 1. d4 Nf6 2. c4 e6 3. Nf3 b6 4. Nc3 Bb7 5. g3 Bxf3 $6 {
In meinen beiden Partien mit Orso ging ich ausanalysierten Varianten aus dem
Wege.} 6. exf3 d5 7. cxd5 $1 Nxd5 8. Bg2 Be7 9. O-O c6 10. f4 O-O 11. f5 $1
exf5 12. Nxd5 $4 (12. Qf3 $1 Na6 (12... Nxc3 13. bxc3 g6 14. d5) 13. Nxd5 cxd5
14. Qxf5 {mit klarem weissen Vorteil.}) 12... cxd5 13. Qf3 Nc6 14. Be3 Bf6 15.
Qxd5 Qxd5 16. Bxd5 Rac8 17. Rfd1 Rfd8 18. Bxc6 Rxc6 19. Rac1 Rdc8 20. Rxc6 Rxc6
{Endspielvorteil für Schwarz, weil der weisse d-Bauer schwach ist und die
schwarzen Figuren optimale Felder besetzen werden.} 21. Rd2 Kf8 22. h4 Ke7 23.
Bf4 Rc4 24. d5 Kd7 25. b3 Rd4 $1 26. Rc2 Bd8 27. d6 f6 28. Kf1 h5 29. f3 Rd3
30. Kf2 Rd5 31. Re2 Rd1 32. Kg2 Rd3 33. Kf2 Rc3 34. Kg2 a6 35. Kf2 Rd3 36. Kg2
b5 37. Kf2 g5 38. Bc1 Rxd6 39. Bb2 Rd3 40. Bc1 Be7 41. Bb2 g4 $1 42. f4 Bc5+
43. Kg2 Bd4 44. Ba3 Bc3 $1 45. Re7+ Kc6 $4 {Blindes Vertrauen in eine
schlechte Analyse während der einstündigen Partieunterbrechung.} (45... Kd8 46.
Bc5 Rd5 {gewinnt leicht.}) 46. Re6+ Kd5 $2 47. Rd6+ Ke4 48. Re6+ Kd4 49. Rd6+
Ke3 50. Bc5+ Ke2 51. Rxa6 Rd2 52. a4 bxa4 53. bxa4 Ra2 54. a5 Kd3+ 55. Kf1 Bd2
56. Bf2 Ke4 57. Rd6 Bxa5 58. Rd4+ 1/2-1/2

[Event "Gibraltar Masters 16th"]
[Site "Caleta"]
[Date "2018.01.24"]
[Round "8"]
[White "Gupta, Abhijeet"]
[Black "Ivanchuk, Vassily"]
[Result "1-0"]
[WhiteElo "2610"]
[BlackElo "2725"]
[Annotator "Gupta,A"]
[PlyCount "67"]
[EventDate "2018.01.23"]
[EventType "swiss"]
[EventRounds "10"]
[EventCountry "GGB"]
[SourceTitle "CBM 183"]
[Source "ChessBase"]
[SourceDate "2018.03.14"]
[SourceVersion "1"]
[SourceVersionDate "2018.03.14"]
[SourceQuality "1"]

1. d4 e6 2. c4 Nf6 3. Nf3 b6 4. a3 {When preparing for the game, it was
impossible to guess what Ivanchuk would play but somehow I thought it's always
a good idea to start with a Nimzo and after few hours of intense work in the
Nimzo, I said to myself I had enough Nimzo for a day and I am going back to my
old love, the Petrosian System! :)} Bb7 5. Nc3 d5 6. cxd5 Nxd5 7. Qc2 Nxc3 8.
bxc3 Be7 9. e4 O-O (9... c5 10. Bd3) 10. Bd3 c5 11. O-O Qc8 {It would be harsh
to call this an inaccuracy but White scores really well after this.} (11... Qc7
{is probably a better line.}) 12. Qe2 Ba6 13. Rd1 Bxd3 14. Rxd3 Nd7 15. e5 {
Luckily for me I was still in my book and in general the ideas for White are
pretty simple which is to develop pieces and mate :P} Re8 16. h4 (16. Ng5 {
This looks even more dangerous} cxd4 (16... Bxg5 17. Bxg5) 17. cxd4 (17. Nxh7
Qc4 $1) 17... Qc6 18. Nxh7 (18. Bf4 Rac8 19. h4 $40) 18... Rac8 $1 {An
intermezzo which is very easy to miss:} (18... Kxh7 19. Qh5+ Kg8 20. Rh3 f6 (
20... f5 21. Qh7+ Kf7 22. Rg3 Rg8 23. Qg6+ Kf8 24. Bh6 Rc8 25. Rf1 $18) 21.
Qh7+ Kf7 22. Rg3 Bf8 (22... Rg8 23. Qg6+ Kf8 24. Bh6) 23. Bh6 Ke7 24. Rc1 $1 {
the point} Qd5 25. Bxg7 Bxg7 26. exf6+) 19. Bf4 Kxh7 20. Qh5+ Kg8 21. Rh3 f6
22. Qh7+ Kf7 23. Qh5+ $11 (23. Rg3 Bf8)) 16... cxd4 (16... Qa6 17. Bg5) 17.
cxd4 Qb7 18. Bg5 Bf8 19. Nd2 f6 {This move came as shock to me but it's
already difficult to give Black any adequate advice.} 20. exf6 Nxf6 21. Bxf6
gxf6 22. Ne4 Qf7 (22... Qe7 {This would have been more tenacious} 23. Re1 Rad8
24. Qf3 Bg7 25. Ng3 $36 {[%csl Re6]}) 23. Rf3 f5 24. Rg3+ Kh8 25. Ng5 Qd7 26.
Qh5 (26. Qb5 {It would have been nice if it worked but} Rad8 {and there is no
logical follow-up after this.}) 26... Re7 27. Re1 Qe8 28. Qf3 (28. Qxe8 Raxe8
29. d5 f4 30. Rg4 e5 31. Rxe5 h5 32. Rxe7 Rxe7 33. Rxf4 Re1+ 34. Kh2 Bxa3 35.
g3 $16 {I saw this line but somehow I just wanted to mate that day :)}) 28...
Rd8 29. d5 Rxd5 30. Nxe6 Rxe6 (30... Qc6 31. Qe2 Bg7 32. Rxg7 Rxe6 (32... Rxg7
33. Nxg7 Kxg7 34. Qe7+ Kg8 35. Qxa7 $18) 33. Qxe6 Qxe6 34. Rxh7+ Kxh7 35. Rxe6
Ra5 36. Re3 f4 37. Rd3 Kh6 38. Kh2 {This shouldn't be that hard to win even
with my lousy technique.}) 31. Rg8+ $1 {The point of the whole combination.}
Kxg8 32. Qxd5 Qb5 33. Qxe6+ Kg7 34. Rd1 1-0

[Event "EU-Cup 21st"]
[Site "Saint Vincent"]
[Date "2005.09.20"]
[Round "3.1"]
[White "Gurevich, Mikhail"]
[Black "Aronian, Levon"]
[Result "1/2-1/2"]
[WhiteElo "2669"]
[BlackElo "2724"]
[Annotator "Gurevich,M"]
[PlyCount "34"]
[EventDate "2005.09.18"]
[EventType "team-swiss"]
[EventRounds "7"]
[EventCountry "ITA"]
[SourceTitle "CBM 110"]
[Source "ChessBase"]
[SourceDate "2006.01.31"]
[SourceVersion "1"]
[SourceVersionDate "2006.01.31"]
[SourceQuality "1"]
[WhiteTeam "Eynatten"]
[BlackTeam "Tomsk 400"]
[WhiteTeamCountry "BEL"]
[BlackTeamCountry "RUS"]

1. d4 Nf6 2. c4 e6 3. Nf3 b6 4. a3 Bb7 5. Nc3 d5 6. Bg5 Be7 7. e3 (7. Qa4+ c6 (
7... Qd7 8. Qc2 dxc4 9. e3 Bxf3 10. gxf3 Nd5 11. Bxe7 Qxe7 12. Bxc4 Nxc3 13.
Qxc3 O-O 14. Rc1 Nd7 15. Bb5 c5 16. Bxd7 Qxd7 17. dxc5 bxc5 18. Rg1 g6 19. Rg4
Rab8 20. Rc4 Qb7 $132 {1/2-1/2 Cebalo,M-Van der Wiel,J/Hoogeveen 2005/Mega2006
(32)}) 8. cxd5 exd5 9. e3 O-O 10. Bd3 Nbd7 11. Ne5 Qc7 12. Nxd7 Qxd7 13. O-O h6
14. Bh4 Rfd8 15. Rfc1 c5 16. Qxd7 Rxd7 17. dxc5 bxc5 18. Ne2 g5 19. Bg3 Ne4 20.
Be5 f6 21. Bb5 Rdd8 22. Bc7 Rdc8 23. Ba5 Kf7 $13 {1/2-1/2 Jobava,B-Beliavsky,A/
Khanty Mansyisk RUS 2005/The Week in Chess 577 (62)}) (7. Bxf6 Bxf6 8. cxd5
exd5 9. g3 O-O 10. Bg2 Qe7 11. O-O Rd8 12. Qd2 c5 13. Rfd1 Nc6 14. e3 cxd4 15.
Nxd4 Nxd4 16. exd4 Rac8 17. Re1 Qd7 18. Qf4 $36 {1-0 Anastasian,A-Macieja,B/
Stepanakert 2005/Mega2006 (55)}) 7... O-O (7... Nbd7 8. Rc1 O-O 9. cxd5 exd5
10. Be2 Ne4 11. Bxe7 Qxe7 12. O-O c6 13. b4 Nxc3 14. Rxc3 b5 15. Ne1 a5 16. Nd3
Nb6 17. Nc5 axb4 18. axb4 Nc4 19. Rc1 {1/2-1/2 Khalifman,A-Motylev,A/Moscow
RUS 2005/The Week in Chess 581 (19)}) 8. Rc1 c5 9. cxd5 Nxd5 10. Bxe7 Qxe7 11.
Nxd5 Bxd5 (11... exd5 12. Be2 Nd7 13. dxc5 $6 bxc5 14. O-O Nf6 15. Qc2 Rac8 16.
Rfd1 Ne4 17. Nd2 f5 18. Nxe4 fxe4 19. Bg4 Rc7 20. b4 c4 21. Qc3 Kh8 22. Rd2 Qg5
$132 {0-1 Drozdovskij,Y-Ponomariov,R/Odessa 2005/Mega2006 (47)}) 12. dxc5 bxc5
13. Bc4 Bc6 (13... Rd8 14. Bxd5 exd5 15. O-O Na6 16. Qa4 Nc7 17. b4 c4 18. Nd4
Qf6 19. Rfd1 Qb6 20. g3 g6 21. h4 h5 22. Rd2 Rd6 23. Qd1 Rad8 24. Rb1 Ne8 {
1/2-1/2 Stanec,N-Dautov,R/Dresden 1998/PowerBook2005 (24)}) 14. Qe2 {TN [/\16.
Bb5]} (14. O-O Nd7 15. Qe2 Rab8 16. b3 Rfd8 17. Rfd1 h6 18. e4 Nf6 19. e5 Rxd1+
20. Rxd1 Nd5 21. Qd2 Qc7 $13 {0-1 Knudsen,J-Fuhrwerk,K/ICCF Email 2001/ICCF
Telechess (35)}) 14... Nd7 15. Bb5 Bxb5 16. Qxb5 Rab8 17. Qe2 Qf6 (17... Qf6
18. Rc2 Ne5 19. Nxe5 Qxe5 20. O-O Rfd8 21. Rfc1 c4 $11) 1/2-1/2

[Event "Antwerp op"]
[Site "Antwerp"]
[Date "1996.??.??"]
[Round "4"]
[White "Delemarre, Jop"]
[Black "Gurevich, Mikhail"]
[Result "1/2-1/2"]
[WhiteElo "2360"]
[BlackElo "2605"]
[Annotator "Gurevich,M"]
[PlyCount "157"]
[EventDate "1996.07.??"]
[EventType "swiss"]
[EventRounds "9"]
[EventCountry "BEL"]
[SourceTitle "EXT 1997"]
[Source "ChessBase"]
[SourceDate "1996.11.15"]
[SourceVersion "1"]
[SourceVersionDate "1996.11.15"]
[SourceQuality "1"]

1. d4 Nf6 2. c4 e6 3. Nf3 b6 4. a3 Bb7 5. Nc3 d5 6. Bg5 Be7 7. Qa4+ c6 8. Bxf6
Bxf6 9. cxd5 exd5 10. g3 O-O 11. Bg2 Nd7 12. O-O Be7 13. Rad1 f5 14. e3 Bd6 15.
Ne2 a5 16. Nf4 Qe7 17. Rfe1 b5 18. Qc2 a4 19. Nd3 Kh8 20. Rc1 Nb6 21. Nfe5 Nc4
22. f4 g5 23. Kf2 {TN} (23. Qe2 Rg8 $13 {(-61/545)}) 23... Rg8 24. Nf3 h6 (
24... g4 $6 25. Nfe5 h5 26. h3 $14 gxh3 27. Bxh3 Qg7 28. Rg1 $16) 25. Nfe5 Rg7
26. Re2 Rf8 27. Kg1 (27. Rh1 $142) 27... Qe8 $5 {[/\Bb7-c8-e6]} 28. Rce1 Bc8
29. Rf2 Be6 30. Bf3 g4 31. Bg2 h5 32. Rfe2 h4 33. Kf2 Rh7 $36 34. Ra1 Kg7 35.
Ree1 (35. b3 axb3 36. Qxb3 hxg3+ 37. hxg3 Rh2 $36 38. a4 Qh5 39. Nxc6 $2 Rxg2+
40. Kxg2 Qh3+ 41. Kf2 Qh2+ $19) 35... Kf6 36. Rad1 Rfh8 37. Rh1 Rh6 {[/\38...
R8h7,39...Qh8]} 38. Qc3 $5 Kg7 39. Nc5 $6 Bxc5 40. dxc5 Kg8 $15 {[><e3]} 41.
Rhe1 R8h7 42. Nxc4 bxc4 43. Qa5 Rb7 $5 44. Re2 h3 $5 45. Bf1 Bf7 46. Qxa4 Rb3
$36 {[/\47...Re6,47...Qe4]} (46... Qe4 47. Qa8+) 47. Rc1 $8 Re6 48. Rc3 Rb5 49.
Qc2 Re4 50. b4 $5 cxb3 51. Rxb3 Rc4 52. Rc3 Rbxc5 (52... Rxc3 53. Qxc3 Qe4 54.
Qc2 $13) 53. Rxc4 dxc4 54. Rd2 (54. Qc3 Qe4 $36) 54... c3 55. Rd4 Qe6 56. Be2
Kg7 57. Bd1 Kf6 $2 (57... Qa2 $1 {(/\58...Qxa3)} 58. Qxa2 Bxa2 59. Bc2 Bb1 $1
60. Bxb1 c2 61. Bxc2 Rxc2+ 62. Ke1 (62. Kg1 Rc1+ 63. Kf2 Rh1 64. e4 Rxh2+ 65.
Ke3 Rg2 $19) 62... Rxh2 $19) 58. Qd3 $13 Qa2+ 59. Bc2 Be6 60. Rd8 Kf7 61. e4 $5
Rb5 $1 $13 62. Ke3 Qa1 63. Rd7+ Kg8 64. Rd8+ Kh7 (64... Kf7 $142 $10) 65. Qd1
Qxa3 66. exf5 Qc5+ 67. Qd4 Qxd4+ 68. Kxd4 Bxf5 69. Rd7+ Kg6 $2 (69... Kg8 70.
Bxf5 Rxf5 71. Kxc3 (71. Rc7 Rc5) 71... Ra5 72. Rd6 Ra2 73. Rxc6 Rxh2 74. Rg6+
Kf7 75. Rxg4 Rg2 $10) 70. Rd6+ Kg7 71. Bxf5 Rxf5 72. Rxc6 Ra5 73. Rxc3 Ra2 74.
Ke5 Rxh2 75. Kf5 Rg2 76. Rc7+ Kf8 77. Kxg4 h2 78. Rh7 Rf2 79. Rh5 $22 $18
1/2-1/2

[Event "Lost Boys op"]
[Site "Antwerp"]
[Date "1999.08.08"]
[Round "9"]
[White "Gershon, Alik"]
[Black "Gurevich, Mikhail"]
[Result "0-1"]
[WhiteElo "2492"]
[BlackElo "2643"]
[Annotator "Gurevich,M"]
[PlyCount "66"]
[EventDate "1999.07.30"]
[EventType "swiss"]
[EventRounds "9"]
[EventCountry "BEL"]
[SourceTitle "EXT 2000"]
[Source "ChessBase"]
[SourceDate "1999.11.16"]
[SourceVersion "1"]
[SourceVersionDate "1999.11.16"]
[SourceQuality "1"]

1. d4 Nf6 2. c4 e6 3. Nf3 b6 4. a3 Bb7 5. Nc3 d5 6. cxd5 Nxd5 7. Qc2 Nxc3 8.
bxc3 Be7 9. e4 O-O 10. Bd3 c5 11. O-O Qc8 12. Qa2 $5 (12. Qe2 Ba6 13. Bf4 Bxd3
14. Qxd3 Nd7 15. a4 cxd4 16. cxd4 Qb7 17. Rab1 Rac8 18. Rfe1 Rfd8 19. a5 $14 {
1/2-1/2 Bagaturov,G-Gurevich,M/Vlissingen NED 1999 (34)}) 12... Rd8 13. Rd1 Ba6
14. Bxa6 Nxa6 15. Qe2 Qb7 16. Bf4 cxd4 17. cxd4 Rac8 18. Rd3 Nc7 19. Ne5 Ne8 $1
{TN [/\ 20...Nf6]} (19... f6 20. Ng4 Kh8 (20... h5 21. Nh6+ gxh6 22. Qxh5 Qxe4
23. Rg3+ Kh8 24. Bxh6 $18) 21. Re1 Qa6 22. Qd1 Bxa3 23. Rh3 Bf8 24. Ne5 fxe5
25. Qh5 h6 26. Bxe5 Kh7 27. Qf7 Qb5 28. Bf4 {1-0 Gershon,A-Hoeksema,E/Dieren
NED 1999 (28)}) 20. Qh5 $6 (20. Re1 Nf6 21. Bg5 $13) 20... Bd6 $1 {[/\21...f6,
21...Nf6]} 21. Rg3 (21. Rh3 Nf6 22. Qg5 Qxe4 23. Rg3 Ne8 $17 (23... Nh5 $5))
21... f6 22. Rh3 $5 (22. Nd3 Bxf4 23. Nxf4 Qxe4 $17) (22. Rh3 {[#]}) 22... g5
$1 $17 23. Bxg5 (23. Qg4 Ng7 $19) 23... Bxe5 (23... fxg5 24. Ng4 $6 $132 Qxe4
$2 25. Nh6+ $18) 24. dxe5 fxg5 25. Qxg5+ Kh8 26. Qh6 Qe7 27. Rf3 (27. f4 Rc2
$40) 27... Nc7 $1 {[/\Nc7-b5-d4]} 28. Qf6+ Qxf6 29. exf6 Nb5 $19 30. g4 Nd4 31.
Rh3 $8 Rg8 32. f3 e5 33. Rh5 Rg6 0-1

[Event "Fourmies op 21st"]
[Site "Fourmies"]
[Date "1997.??.??"]
[Round "6"]
[White "Tkachiev, Vladislav"]
[Black "Gurevich, Mikhail"]
[Result "0-1"]
[WhiteElo "2630"]
[BlackElo "2585"]
[Annotator "Gurevich,M"]
[PlyCount "82"]
[EventDate "1997.05.17"]
[EventType "swiss"]
[EventRounds "6"]
[EventCountry "FRA"]
[SourceTitle "CBM 060"]
[Source "ChessBase"]
[SourceDate "1997.09.29"]
[SourceVersion "1"]
[SourceVersionDate "1997.09.29"]
[SourceQuality "1"]

1. d4 Nf6 2. c4 e6 3. Nf3 b6 4. a3 Bb7 5. Nc3 d5 6. Qc2 Be7 7. cxd5 exd5 8. g3
O-O 9. Bh3 (9. Bg2 {-68/456}) 9... Nbd7 (9... c5 10. O-O Nbd7 11. Bf4 Ne4 12.
Rad1 Ndf6 13. Nxe4 Nxe4 14. dxc5 bxc5 15. Ne5 Nf6 16. Bg5 Ne4 17. Bf4 Nf6 $13 {
0-1 Lobron,E-Dautov,R/Nussloch (1) 1996 (39)}) 10. O-O Re8 $5 {TN} (10... Ne4
11. Bf4 Ndf6 12. Nxe4 dxe4 13. Ne5 h6 14. Rac1 Bd6 15. Rfd1 $14 {1/2 1/2
Shariyazdanov,A-Epishin,V/Elista RUS-ch (5) 1996 (33)}) 11. Bf4 Nh5 12. Bd2 a6
$5 {[/\13...Bd6]} 13. Rfe1 Bd6 14. Rad1 (14. e4 dxe4 15. Nxe4 Ndf6 $5 16. Nxd6
Qxd6 17. Bg2 Be4 $132) 14... Ndf6 15. Bg5 $6 (15. Bc1 $1 {[/\16.b4, 17.Bb2]}
Ne4 $2 16. Nxe4 Rxe4 $2 (16... dxe4 17. Ne5 $14) 17. Ng5 $18) 15... h6 16. Bc1
Ne4 17. Nxe4 Rxe4 (17... dxe4 18. Ne5 $14) 18. Bg2 Re8 19. Nh4 $6 (19. b4 $5 {
[/\20.Bb2,21.Ne5]}) 19... Nf6 20. Nf5 Bf8 21. Bf4 Rc8 $5 (21... c5 $6 22. dxc5
bxc5 23. e4 $1 $36) 22. Bh3 c5 23. dxc5 bxc5 24. Bg2 (24. Ne3 g5) 24... Qb6 (
24... Ne4 $5) 25. Ne3 $2 (25. b3 Ne4 26. Ne3 Rcd8 $132) 25... g5 $1 26. Bxg5
hxg5 27. Qf5 Bh6 $5 $17 28. Nxd5 Bxd5 29. Bxd5 Nxd5 30. Rxd5 c4 (30... Qxb2 31.
e4 $132) 31. e4 Qe6 (31... Qxb2 32. e5 $132) 32. Qf3 g4 33. Qd1 Bg7 34. Rg5 Kf8
35. e5 Red8 36. Qe2 (36. Qxg4 Qxg4 37. Rxg4 Rd2 38. Rc1 Bxe5 39. Rcxc4 Rxc4 40.
Rxc4 Bxb2 41. Ra4 Bd4 42. Rxa6 Rxf2 43. Kh1 Ke7 $19) 36... Bh6 $1 $19 37. Rxg4
Rd2 38. Qe4 Rxb2 39. h3 f5 $1 40. exf6 (40. Qf3 Rb3 $19) 40... Qxe4 41. Rgxe4
c3 (41... c3 42. f4 c2 43. Rc1 Rb1 44. Ree1 Rxc1 45. Rxc1 Kf7 46. Kf2 Bf8 47.
Ke2 Bxa3 $19) 0-1